000 00530nam a2200097Ia 4500
008 170517s9999 xx 000 0 und d
245 _aMaking the Connection
300 _aDo you have to choose between a healthy, fun, modern lifestyle and a fair, sustainable, compassionate lifestyle? No, you can have it all! Watch Making the Connection and decide for yourself. Making the Connection is a new film which invites you on a journey - together...
650 _xTechnology.
856 _uhttp://topdocumentaryfilms.com/making-connection/
999 _c335057
_d335057